MARC

LEADER 00000nam0a2200000 4500
001 301212
005 20231102001359.0
020 |a RU  |b 83-17095 
035 |a (RuTPU)RU\TPU\book\326384 
090 |a 301212 
100 |a 20150727d1982 m y0rusy5003 ca 
101 0 |a rus 
102 |a RU 
105 |a a j 000zy 
200 1 |a Гражданская оборона  |e учебное пособие  |f под ред. А. Т. Алтунина 
210 |a Москва  |c Воениздат  |d 1982 
215 |a 192 с.  |c ил. 
606 1 |a Гражданская оборона (ГО)  |2 stltpush  |3 (RuTPU)RU\TPU\subj\8471  |9 35877 
610 1 |a история 
610 1 |a организация 
610 1 |a население 
610 1 |a обязанности 
610 1 |a защита 
610 1 |a угрозы 
610 1 |a очаги поражения 
610 1 |a правила поведения 
610 1 |a стихийные бедствия 
610 1 |a производственные аварии 
610 1 |a первая медицинская помощь 
610 1 |a учебные пособия 
686 |a Ц69я7  |2 rubbk 
702 1 |a Алтунин  |b А. Т.  |g Александр Терентьевич  |4 340 
801 0 |a RU  |b RuMRKP  |c 19950704  |g psbo 
801 1 |a RU  |b 63413507  |c 20150727 
801 2 |a RU  |b 63413507  |c 20211213  |g RCR 
942 |c BK